000 00479nam a2200181Ia 4500
001 11354
005 20260306162822.0
008 260306t1999||||xx |||||||||||||| ||spa||
041 _aESP
082 _a985.033
_bW19
100 _aCharles F., Walker
_eAUT
245 0 _aDe Túpac Amaru a Gamarra:
_bCusco y la formación del Perú Republicano 1780-1840
260 _c1999
300 _a314 páginas :
_c24 cm.
650 _aGEN
654 _aCHU
942 _cLIB
_dJUS
_fJUS
_2ddc
_n
999 _c11354
_d11354